000
00200 a2200109 4500
020
_a
9789502408057
041
_a
spa
100
_a
Moses, Brian
245
_a
Yo lo hago
942
_c
BK
952
_7
1
999
_c
16795
_d
16795